| 000 -LEADER |
| fixed length control field |
00894cam a22002414a 4500 |
| 020 ## - INTERNATIONAL STANDARD BOOK NUMBER |
| ISBN |
9251054770 |
| 022 ## - INTERNATIONAL STANDARD SERIAL NUMBER |
| ISSN |
10201203 |
| 040 ## - CATALOGING SOURCE |
| Transcribing agency |
MNU |
| 082 ## - DEWEY DECIMAL CLASSIFICATION NUMBER |
| Classification number |
753 SOV 2006 A006 Or. |
| 245 00 - TITLE STATEMENT |
| Title |
Stakeholder-oriented valuation to support water resources management processes : |
| Remainder of title |
confronting concepts with local practice / |
| 260 ## - PUBLICATION, DISTRIBUTION, ETC. (IMPRINT) |
| Place of publication |
Rome : |
| Name of publisher |
Food and Agriculture Organization of the United Nations, |
| Year of publication |
2006. |
| 300 ## - PHYSICAL DESCRIPTION |
| Number of Pages |
xi, 75 p. : |
| Other physical details |
col. ill., col. maps ; |
| Dimensions |
30 cm. |
| 490 1# - SERIES STATEMENT |
| Series statement |
FAO water reports ; |
| 650 #0 - SUBJECT ADDED ENTRY--TOPICAL TERM |
| Topical Term |
Water-supply |
| 650 #0 - SUBJECT ADDED ENTRY--TOPICAL TERM |
| Topical Term |
Water resources development |
| 650 #0 - SUBJECT ADDED ENTRY--TOPICAL TERM |
| Topical Term |
Water-supply |
| 650 #0 - SUBJECT ADDED ENTRY--TOPICAL TERM |
| Topical Term |
Water resources development |
| 700 1# - ADDED ENTRY--PERSONAL NAME |
| Personal name |
Hermans, Leon. |
| 710 2# - ADDED ENTRY--CORPORATE NAME |
| Corporate name or jurisdiction name as entry element |
Food and Agriculture Organization of the United Nations. |
| 856 11 - ELECTRONIC LOCATION AND ACCESS |
| Uniform Resource Identifier |
ftp://ftp.fao.org/agl/aglw/docs/wr30%5Feng.pdf |
| 856 41 - ELECTRONIC LOCATION AND ACCESS |
| Uniform Resource Identifier |
http://www.loc.gov/catdir/toc/fy0703/2006484424.html |
| 942 ## - ADDED ENTRY ELEMENTS (KOHA) |
| Koha item type |
ADB |
| 952 ## - LOCATION AND ITEM INFORMATION (KOHA) |
| Withdrawn status [LOCAL, KOHA] |
0 |